000 00905nam a2200229Ia 4500
003 Ost
005 20260507075645.0
008 260507s9999||||xx |||||||||||||| ||und||
020 _a5414604977
040 _cfsecg
041 _aara
082 _a338.7
100 _aقاسم، علي سيد
_eمؤلف
245 0 _aالمشروع التجاري الفردي محدود المسؤولية :
_bدراسة قانونية مقارنة /
_c علي سيد قاسم
250 _aطبعة 3
260 _aالإسكندرية:
_bدار النهضة العربية,
_c2003
300 _a235 صفحة؛
_bإيضاحات ؛
_c24 سم
504 _aالمراجع ص.218
520 _aعدم صحة مبدأ وحدة الذمة المالية ، التنظيم القانوني للمشروع الفردي محدود المسؤولية
653 _aالمشاريع التجارية
942 _cكتاب
999 _c45464
_d45464